<?xml version="1.0" encoding="UTF-8"?>
<record
    xmlns:xsi="http://www.w3.org/2001/XMLSchema-instance"
    xsi:schemaLocation="http://www.loc.gov/MARC21/slim http://www.loc.gov/standards/marcxml/schema/MARC21slim.xsd"
    xmlns="http://www.loc.gov/MARC21/slim">

  <leader>01763nam a2200313 a 4500</leader>
  <controlfield tag="001">000028806</controlfield>
  <controlfield tag="005">20200930055141.0</controlfield>
  <controlfield tag="008">110412s1992    dr acd  r     001 0 spa d</controlfield>
  <datafield tag="020" ind1=" " ind2=" ">
    <subfield code="a">8489538018</subfield>
  </datafield>
  <datafield tag="040" ind1=" " ind2=" ">
    <subfield code="a">DO-SdBNP</subfield>
    <subfield code="b">spa</subfield>
    <subfield code="c">BNPHU</subfield>
  </datafield>
  <datafield tag="082" ind1=" " ind2=" ">
    <subfield code="a">631.5</subfield>
    <subfield code="b">A281c</subfield>
  </datafield>
  <datafield tag="245" ind1="0" ind2="0">
    <subfield code="a">Agroforester&#xED;a y conservaci&#xF3;n de suelos :</subfield>
    <subfield code="b">experiencias del proyecto de desarrollo agroforestal de Zambrana-Chacuey, Cotui, Rep&#xFA;blica Dominicana /</subfield>
    <subfield code="c">Texto Mamerto Valerio, Lionel Robineau ; edici&#xF3;n al cuidado de V&#xED;ctor Eddy Ru&#xED;z.</subfield>
  </datafield>
  <datafield tag="260" ind1=" " ind2=" ">
    <subfield code="a">Santo Domingo :</subfield>
    <subfield code="b">Enda-Caribe,</subfield>
    <subfield code="c">1992.</subfield>
  </datafield>
  <datafield tag="300" ind1=" " ind2=" ">
    <subfield code="a">84 p. :</subfield>
    <subfield code="b">il., gr&#xE1;fcs., retrs., tablas ;</subfield>
    <subfield code="c">22 cm.</subfield>
  </datafield>
  <datafield tag="490" ind1="1" ind2=" ">
    <subfield code="a">Experiencias y t&#xE9;cnicas agroforestales</subfield>
    <subfield code="v">v. 5</subfield>
  </datafield>
  <datafield tag="505" ind1="0" ind2=" ">
    <subfield code="g">Introducci&#xF3;n --</subfield>
    <subfield code="t">&#xBF;Que es la agroforester&#xED;a? --</subfield>
    <subfield code="t">&#xC1;rea del Proyecto AGROSIL --</subfield>
    <subfield code="t">Descripci&#xF3;n del proyecto --</subfield>
    <subfield code="t">Obst&#xE1;culos y facilidades para el desarrollo del proyecto --</subfield>
    <subfield code="t">Impacto --</subfield>
    <subfield code="t">Nuevos frentes de trabajo --</subfield>
    <subfield code="t">Convenios para la ejecuci&#xF3;n del proyecto --</subfield>
    <subfield code="g">Conclusiones --</subfield>
    <subfield code="a">Anexos.</subfield>
  </datafield>
  <datafield tag="590" ind1=" " ind2=" ">
    <subfield code="a">Inventariado, 2018/BT</subfield>
  </datafield>
  <datafield tag="650" ind1=" " ind2="4">
    <subfield code="a">Conservaci&#xF3;n de suelos</subfield>
    <subfield code="9">55780</subfield>
  </datafield>
  <datafield tag="650" ind1=" " ind2="4">
    <subfield code="a">Proyectos agroforestales</subfield>
    <subfield code="z">Cotu&#xED; (Rep&#xFA;blica Dominicana{Rpara}</subfield>
    <subfield code="9">55781</subfield>
  </datafield>
  <datafield tag="650" ind1=" " ind2="4">
    <subfield code="a">Asistencia agr&#xED;cola</subfield>
    <subfield code="9">55782</subfield>
  </datafield>
  <datafield tag="650" ind1=" " ind2="4">
    <subfield code="a">Agricultura de subsistencia</subfield>
    <subfield code="z">Cotu&#xED; (Rep&#xFA;blica Dominicana{Rpara}</subfield>
    <subfield code="9">55783</subfield>
  </datafield>
  <datafield tag="650" ind1=" " ind2="4">
    <subfield code="a">Producci&#xF3;n agropecuaria</subfield>
    <subfield code="z">Cotu&#xED; (Rep&#xFA;blica Dominicana{Rpara}</subfield>
    <subfield code="9">55784</subfield>
  </datafield>
  <datafield tag="700" ind1="1" ind2=" ">
    <subfield code="a">Valerio, Mamerto</subfield>
    <subfield code="9">21786</subfield>
  </datafield>
  <datafield tag="700" ind1="1" ind2=" ">
    <subfield code="a">Robineau, Lionel</subfield>
    <subfield code="9">36610</subfield>
  </datafield>
  <datafield tag="700" ind1="1" ind2=" ">
    <subfield code="a">Ru&#xED;z, V&#xED;ctor Eddy,</subfield>
    <subfield code="e">ed.</subfield>
    <subfield code="9">10438</subfield>
  </datafield>
  <datafield tag="710" ind1="2" ind2=" ">
    <subfield code="a">Organizaci&#xF3;n Internacional Medio Ambiente y Desarrollo del Tercer Mundo. Oficina Regional del Caribe (Enda-Caribe)</subfield>
    <subfield code="9">55785</subfield>
  </datafield>
  <datafield tag="830" ind1=" " ind2="0">
    <subfield code="a">Experiencias y t&#xE9;cnicas agroforestales</subfield>
    <subfield code="n">n. 5</subfield>
    <subfield code="9">55786</subfield>
  </datafield>
  <datafield tag="910" ind1=" " ind2=" ">
    <subfield code="a">Validado. Control de calidad. EMS</subfield>
  </datafield>
  <datafield tag="952" ind1=" " ind2=" ">
    <subfield code="0">0</subfield>
    <subfield code="1">0</subfield>
    <subfield code="7">1</subfield>
    <subfield code="8">PD</subfield>
    <subfield code="a">PD</subfield>
    <subfield code="b">PD</subfield>
    <subfield code="c">HD</subfield>
    <subfield code="d">2011-04-12</subfield>
    <subfield code="i">LF1</subfield>
    <subfield code="l">0</subfield>
    <subfield code="o">631.5 A281c</subfield>
    <subfield code="p">28806-10</subfield>
    <subfield code="r">2020-06-25</subfield>
    <subfield code="w">2020-06-25</subfield>
    <subfield code="y">LFPD</subfield>
    <subfield code="Z">No se presta</subfield>
  </datafield>
  <datafield tag="999" ind1=" " ind2=" ">
    <subfield code="c">28298</subfield>
    <subfield code="d">28298</subfield>
  </datafield>
</record>
